| 000 | 00376nam a2200145Ia 4500 | ||
|---|---|---|---|
| 008 | 230917s9999||||xx |||||||||||||| ||und|| | ||
| 040 |
_e38884 _aMAIN |
||
| 041 | _aEnglish | ||
| 082 | _a658.15 K959C | ||
| 100 | _aKulkarni, P V | ||
| 245 | 0 | _aCorporate finance: principles and problems | |
| 260 |
_aBombay _bHimalaya Publishing House _c1992 |
||
| 300 | _a600 p. | ||
| 942 | _cBK | ||
| 999 |
_c76021 _d76021 |
||